Faculty of Law Library — Cairo University

Official Online Catalog

Geneva Convention : (Record no. 70162)

MARC details
000 -LEADER
fixed length control field 01488nam a2200385 i 4500
003 - CONTROL NUMBER IDENTIFIER
control field EG-GICUC
005 - DATE AND TIME OF LATEST TRANSACTION
control field 20260412095915.0
008 - FIXED-LENGTH DATA ELEMENTS--GENERAL INFORMATION
fixed length control field 260412s1952 ne ||fr|||| 000 0 eng d
040 ## - CATALOGING SOURCE
Original cataloging agency EG-GiCUC
Language of cataloging eng
Transcribing agency EG-GiCUC
Modifying agency EG-GiCUC
Description conventions rda
041 ## - LANGUAGE CODE
Language code of text/sound track or separate title eng
082 04 - DEWEY DECIMAL CLASSIFICATION NUMBER
Edition number 21
Classification number 341.48
Item number PI . G
092 04 - LOCALLY ASSIGNED DEWEY CALL NUMBER (OCLC)
Edition number 21
099 ## - LOCAL FREE-TEXT CALL NUMBER (OCLC)
Classification number Law1 11 341.48 PI . G 1952
100 1# - MAIN ENTRY--PERSONAL NAME
Personal name Pictеt, Jean S
Relator term Author.
245 10 - TITLE STATEMENT
Title Geneva Convention :
Remainder of title For The Amelioration Of The Condition Of The Wounded And Sick In Armed Forces In The Field /
Statement of responsibility, etc. By Jean S. Pictет; With The Co-operation Of Rear-admiral M. W. Mouton, And Frédéric Siordet, Claude Pilloud,
264 #1 - PRODUCTION, PUBLICATION, DISTRIBUTION, MANUFACTURE, AND COPYRIGHT NOTICE
Place of production, publication, distribution, manufacture Geneva :
Name of producer, publisher, distributor, manufacturer International Committee Of The Red Cross
Date of production, publication, distribution, manufacture, or copyright notice 1952.
300 ## - PHYSICAL DESCRIPTION
Extent 466 pages :
Other physical details illustrations,
Dimensions 24 cm
336 ## - CONTENT TYPE
Source rda content
Content type term text
337 ## - MEDIA TYPE
Source rda media
Media type term Computer
338 ## - CARRIER TYPE
Source rda carrier
Carrier type term Online Resource
490 ## - SERIES STATEMENT
Series statement Commentary
Volume/sequential designation I
504 ## - BIBLIOGRAPHY, ETC. NOTE
Bibliography, etc. note Includes bibliographical references.<br/><br/>
504 ## - BIBLIOGRAPHY, ETC. NOTE
Bibliography, etc. note Bibliography: pages 463-466.<br/><br/>
546 ## - LANGUAGE NOTE
Language note Text in English
650 14 - SUBJECT ADDED ENTRY--TOPICAL TERM
Topical term or geographic name entry element Public international law
700 1# - ADDED ENTRY--PERSONAL NAME
Personal name Mouton, Rear-admiral M. W
Relator term Contributor
700 1# - ADDED ENTRY--PERSONAL NAME
Personal name Pilloud, Claude
Relator term Contributor
700 1# - ADDED ENTRY--PERSONAL NAME
Personal name Siordet, Frédéric
Relator term Contributor
700 1# - ADDED ENTRY--PERSONAL NAME
Personal name Uhler, Oscar M.
Relator term Contributor
700 1# - ADDED ENTRY--PERSONAL NAME
Personal name Wilhelm, René-jean
Relator term Contributor
700 1# - ADDED ENTRY--PERSONAL NAME
Personal name Schoenholze, Jean-pierre
Relator term Contributor
856 40 - ELECTRONIC LOCATION AND ACCESS
Uniform Resource Identifier <a href="https://fll.law.cu.edu.eg/fulltext/bks/B11-08886.pdf">https://fll.law.cu.edu.eg/fulltext/bks/B11-08886.pdf</a>
905 ## - Cataloger and Reviser Names
Cataloger Name: Basma Mohamed
942 ## - ADDED ENTRY ELEMENTS (KOHA)
Source of classification or shelving scheme Dewey Decimal Classification
Koha item type Books
Edition 21
Suppress in OPAC No
Holdings
Withdrawn status Lost status Source of classification or shelving scheme Damaged status Not for loan Collection Home library Current library Date acquired Total checkouts Full call number Barcode Date last seen Copy number Price effective from Koha item type
    Dewey Decimal Classification   Not for loan القانون الدولي العام جــــامعة القــاهرة مكتبة كلية الحقوق - المبنى الرئيسي 12.04.2026   Law1 11 341.48 PI . G 1952 1108886 C1 B11-08886 12.04.2026 1 12.04.2026 Books

© All rights reserved — Faculty of Law, Cairo University